01016cam a22002891 4500952016000000999001700160001000800177003000900185005001700194008004100211010001700252040002300269043001200292050002000304082001600324100004800340245006300388260005000451300003400501490003200535504003100567650001700598650002500615651002900640906004500669942001200714 00102ddc40708NFICaASLbASLcSICd2020-12-03eDonated by Professor Sirajul Islam, FRHSl0o321.03 HOIp102790r2020-12-03 00:00:00tC-1w2020-12-03yBK c19457d194574059392BDDh-ASL20231015025801.0711020s1961 enkb b 000 0 eng  a 65006003  aDLCcDLCdBDDh-ASL ae-uk---00aJN276b.H7 196500a321.03bHOI1 aHobson, J. A.q(John Atkinson),d1858-1940.00aImperialism :ba study /cNew introd. by Philip Siegelman. aLondon:bGeorge Allen & Unwin Ltd. , c1961.  aviii, 386 p. :bmaps.c21 cm.0 aAnn Arbor paperbacks, AA103 aBibliographical footnotes. 0aImperialism. 0aImperial federation. 0aGreat BritainxColonies. a7bcbccorignewdueocipf19gy-gencatlg 2ddccBK